| 000 | 01077nac a22002411u 4500 | ||
|---|---|---|---|
| 010 | _a 2004054664 | ||
| 020 | _a0071434836 | ||
| 082 | 0 | 0 |
_a621.381044 _bM2782 |
| 090 |
_c3950 _d3950 |
||
| 100 | _aManiktala, Sanjaya. | ||
| 245 | 1 | 0 |
_aSwitching power supply design & optimization / _cSanjaya Maniktala. |
| 260 |
_aNew York : _bMcGraw-Hill,2005 _c2005. |
||
| 300 |
_axvi, 395 p. : _bill. ; _c24 cm. |
||
| 440 | 0 | _aMcGraw-Hill professional engineering. | |
| 650 | 0 | _aSwitching power supplies. | |
| 650 | 0 |
_aElectronic apparatus and appliances _xPower supply. |
|
| 650 | 0 | _aElectric current converters. | |
| 856 | 4 | 2 |
_3Publisher description _uhttp://www.loc.gov/catdir/description/mh051/2004054664.html |
| 856 | 4 | 2 |
_3Contributor biographical information _uhttp://www.loc.gov/catdir/bios/mh051/2004054664.html |
| 856 | 4 | 2 |
_3Table of contents _uhttp://www.loc.gov/catdir/toc/mh051/2004054664.html |
| 942 |
_cBB _k621.381044M2782 |
||
| 999 |
_c3950 _d3950 |
||